000 00790nam a2200253Ia 4500
001 dia_2627
003 CHAP
005 20230313125421.0
008 220117s1993 xx 000 0 und d
010 _a173145
040 _cCHAP
082 _a664.8 N3
100 _aNamesny Vallespir, Alicia
_980102
245 _aPost-Recoleccion de Hortalizas /
_c por Alicia Namesny Vallespir
260 _aEspaƱa, Ediciones Horticultura
_c1993
300 _a3 vols.
500 _aI.212887
505 _aLa biblioteca tiene: V. 1 Hortalizas de Hoja, Tallo y Flor V.2 Bulbos, Tuberculos, Rizomas V.3 Hortalizas de Fruto
650 _aHortalizas
_9150602
901 _a664.8 N3
902 _aM
905 _a0000001993 SP 0000000000SPA00
942 _cLIBRO
_2ddc
999 _c173145
_d173145